Informační výběr ze světa výpočetní techniky

Salvato in:
Dettagli Bibliografici
Natura: Periodico
Lingua:ceco
Pubblicazione: Praha SENZO 1993
Soggetti:
Tags: Aggiungi Tag
Nessun Tag, puoi essere il primo ad aggiungerne!!

MARC

LEADER 00000nas2a2200000 4500
001 s013749
005 20240109095536.3
022 |a 1210-1575 
041 0 |a cze 
044 |a CZ 
245 1 0 |a Informační výběr ze světa výpočetní techniky 
264 1 |a Praha  |b SENZO  |c 1993 
300 |a 1 zv. 
773 0 |w eu_un_cat*s120771 
610 2 0 |a družstvá 
610 2 0 |a družstvá výrobné